000
00311nam a2200133Ia 4500
008
240624s9999 xx 000 0 und d
041
_a
eng
082
_a
823 BIR
100
_a
BIRLA YASH
245
_a
ON A PRAYER
260
_c
2014
_a
New Delhi
_b
Sde Penguin
300
_a
265 : p. : cm. ; 22
365
_c
RS
_b
25
999
_c
23714
_d
23714